O pneumogastrico, os antimoniaes e a pneumonia, memoria / (Record no. 190100)

MARC details
000 -LEADER
campo de control de longitud fija 00654nam a2200169 i 4500
001 - NÚMERO DE CONTROL
campo de control 190100
003 - IDENTIFICADOR DE NÚMERO DE CONTROL
campo de control ES-MaACL
005 - FECHA Y HORA DE LA ÚLTIMA TRANSACCIÓN
campo de control 20251014063307.0
008 - DATOS DE LONGITUD FIJA--INFORMACIÓN GENERAL
campo de control de longitud fija 200729s1867 po |||| | por d
100 1# - ENTRADA PRINCIPAL--NOMBRE DE PERSONA
Nombre de persona Martins, Sousa,
Fechas asociadas al nombre 1843-1897
9 (RLIN) 170212
245 12 - MENCIÓN DEL TÍTULO
Título O pneumogastrico, os antimoniaes e a pneumonia, memoria /
Mención de responsabilidad, etc. escripta por José Thomaz de Sousa Martins/.
260 ## - PUBLICACIÓN, DISTRIBUCIÓN, ETC.
Lugar de publicación, distribución, etc. Lisboa :
Nombre del editor, distribuidor, etc. Typ. da Academia,
Fecha de publicación, distribución, etc. 1867.
300 ## - DESCRIPCIÓN FÍSICA
Extensión 179 p.
500 ## - NOTA GENERAL
Nota general Memorias da Academia Real das sciencias de Lisboa. Classe de sciencias mathematicas, physicas e naturaes. Nova series. T. IV. P. I, 6.
852 ## - LOCALIZACIÓN
Ubicación ES-MaACL
Número de control de estantería T-656-F-6
Holdings
Estatus retirado Estado de pérdida Estado de daño No para préstamo Colección Biblioteca de origen Biblioteca actual Ubicación en estantería Fecha de adquisición Fuente de adquisición Total de préstamos Signatura topográfica completa Código de barras Visto por última vez Precio de reemplazo Tipo de ítem Koha
        Colección de folletos Biblioteca del Ateneo de Madrid Biblioteca del Ateneo de Madrid Depósito folletos 02/04/2005     T-656-F-6 1201787 23/02/2023 23/02/2023 Folleto